000 00441nam a2200181Ia 4500
005 20250603150020.0
008 250603s9999 xx 000 0 und d
020 _a81-259-1210-X
050 _aHF 5485 .S29/
100 _aSaxena, J.P.
245 0 _aWarehouse management and inventory control
260 _aNew Delhi
260 _bVikasing Publishing House
260 _c2006
300 _a244 p
650 _aNew Delhi
942 _cBK
999 _c43517
_d43517